Loading...
| Philosophy | 1 | 5 | 2 | 0 | 55 | 80 | 107.67 | 5 | 6 |
| Literature - British Literature | 2 | 2 | 1 | 1 | 45 | 57 | 92.25 | 3 | 4 |
| Literature - World Literature | 1 | 3 | 1 | 0 | 40 | 85 | 102.50 | 4 | 4 |
| Literature - American Literature | 1 | 3 | 2 | 0 | 35 | 71 | 105.00 | 2 | 4 |
| Religion | 0 | 3 | 0 | 1 | 30 | 101 | 115.00 | 3 | 3 |
| Literature - European Literature | 0 | 3 | 1 | 0 | 25 | 109 | 128.33 | 2 | 3 |
| Mythology- Edited | 0 | 1 | 0 | 1 | 10 | 138 | 138.00 | 0 | 1 |
| Science - Physics | 0 | 1 | 0 | 1 | 10 | 127 | 127.00 | 0 | 1 |
| Fine Arts - Visual Fine Arts | 0 | 1 | 0 | 0 | 10 | 86 | 86.00 | 1 | 1 |
| Mythology | 0 | 1 | 1 | 0 | 5 | 101 | 101.00 | 1 | 1 |
| Social Science | 0 | 1 | 2 | 0 | 0 | 84 | 84.00 | 0 | 1 |
| Science - Other Science | 0 | 0 | 0 | 0 | 0 | 0.00 | 0 | 0 | |
| Fine Arts - Auditory Fine Arts | 0 | 0 | 0 | 0 | 0 | 0.00 | 0 | 0 |